|
|
|
|
| LEADER |
00000naa a2200000uu 4500 |
| 001 |
vtls011037766 |
| 003 |
SK-MaSNL |
| 005 |
20260302140446.0 |
| 008 |
210907|2001 xo |||||||||||||||||slo| |
| 015 |
|
|
|a SNBRA
|
| 035 |
|
|
|a (urnnbn)urn:nbn:sk:snk:ar-008vly
|
| 035 |
|
|
|a (uuid)65cf620d-8aaf-41e8-be68-9e54cc38b11c
|
| 035 |
|
|
|a urn:nbn:sk:snk-aaur8s
|
| 040 |
|
|
|a SNKBUCL
|b slo
|c SNKBUCL
|e AACR2
|
| 041 |
0 |
|
|a slo
|
| 044 |
|
|
|a xo
|c SK
|
| 100 |
1 |
|
|a Žucha, Ivan,
|d 1935-2009
|4 aut
|9 249788
|
| 245 |
1 |
0 |
|a Poruchy reflexivity pri psychopatiách
|c I. Žucha, J. Fleischer
|
| 700 |
1 |
|
|a Fleischer, Juraj,
|d 1937-2012
|4 aut
|9 233783
|
| 773 |
0 |
|
|t 21. slovensko-česká súdnopsychiatrická konferencia, [Bánovce nad Bebravou-Jankov Vŕšok, 17.-19.9. 1998]
|d Nové zámky : PSYCHOPROF, 2001
|g S. 7-9
|z 8096808370
|
| 958 |
|
|
|a OND
|
| 958 |
|
|
|a article12
|
| 958 |
|
|
|a chapter
|
| 999 |
|
|
|c 1330849
|d 1332779
|